000 01046nam a2200277 a 4500
001 000032042
005 20250509170321.0
008 110712q2016 dr a 000 0 spa d
020 _a9789945897913
040 _aDO-SdBNP
_bspa
_cBNPHU
082 _a370
_bM671i, 2016
100 1 _aMiramar, Yoselman Rodwin,
_d1969-
_958172
245 1 0 _aIntroducción a la educación :
_buna perspectiva cristiana /
_cYoselman Rodwin Mirabal ; prólogo Rafael Reyes.
250 _a4a ed. ampliada y actualizada
260 _aSanto Domingo :
_bProducciones Mirabal,
_c2016.
300 _a340 p. :
_bil. ;
_c23 cm.
500 _aIncluye datos biográficos del autor en la solapa de la cubierta
500 _aLa biblioteca posee 3 ejemplares autografiados por el autor
590 _aInventariado, 2018/LP
650 0 _aEducación
_951588
650 0 _aPedagogía
_9693
650 4 _aEducación
_xAspectos religiosos
_958173
650 4 _aMétodos de enseñanza
_92196
700 1 _aReyes, Rafael,
_epról.
_944995
910 _aValidado. Control de calidad MFF
999 _c31533
_d31533